Philippine social life and progress

में बचाया:
ग्रंथसूची विवरण
मुख्य लेखक: Benitez, Conrado
स्वरूप: पुस्तक
भाषा:Undetermined
प्रकाशित: Boston Ginn and company 1937
विषय:
टैग : टैग जोड़ें
कोई टैग नहीं, इस रिकॉर्ड को टैग करने वाले पहले व्यक्ति बनें!
Thư viện lưu trữ: Trung tâm Học liệu Trường Đại học Cần Thơ
LEADER 00504nam a2200181Ia 4500
001 CTU_111099
008 210402s9999 xx 000 0 und d
082 |a 959.9 
082 |b B467 
100 |a Benitez, Conrado 
245 0 |a Philippine social life and progress 
245 0 |c Conrado Benitez, Ramona S. Tirona, Leon Gatmaytan 
260 |a Boston 
260 |b Ginn and company 
260 |c 1937 
650 |a Sociology 
904 |i Giang 
980 |a Trung tâm Học liệu Trường Đại học Cần Thơ